La esfinge de los hielos / (Record no. 10004)

000 -CABECERA
fixed length control field 00839nam a22002417a 4500
003 - IDENTIFICADOR DEL NÚMERO DE CONTROL
control field AR-CdUCM
008 - DATOS DE LONGITUD FIJA--INFORMACIÓN GENERAL
fixed length control field 190329b ||||| |||| 00| 0 spa d
040 ## - FUENTE DE LA CATALOGACIÓN
Agencia/entidad que catalogó originalmente la obra MUNICIPALIDAD PROVINCIAL DEL CUSCO
Entidad que transcribió la catalogación BIBLIOTECA MUNICIPAL DEL CUSCO
082 ## - NÚMERO DE LA CLASIFICACIÓN DECIMAL DEWEY
No. de Clasificación ES / 800 /
Notacion interna V52
100 ## - ENTRADA PRINCIPAL--NOMBRE DE PERSONA
Nombre Personal Verne. Julio
245 ## - MENCIÓN DE TÍTULO
Título La esfinge de los hielos /
260 ## - PUBLICACIÓN, DISTRIBUCIÓN, ETC.
Lugar de publicación, distribución, etc. Barcelona :
Nombre de la editorial, distribuidor, etc. Editorial Molino,
300 ## - DESCRIPCIÓN FÍSICA
Nº de Páginas Extensión 223 páginas ;
Otros detalles físicos Ilustraciones,
Dimensiones 19 cm.
440 ## - MENCIÓN DE SERIE/PUNTO DE ACCESO ADICIONAL--TÍTULO
Título Colección Molino
9 (RLIN) 26559
505 ## - NOTA DE CONTENIDO CON FORMATO
Nota de contenido formateada Contenido: En las islas Kerguelen -- La goleta Halbrane -- El capitán -- La isla del príncipe Eduardo -- La novela Poe...
650 ## - PUNTO DE ACCESO ADICIONAL DE MATERIA--TÉRMINO DE MATERIA
Descriptor Alan Poe
9 (RLIN) 26598
650 ## - PUNTO DE ACCESO ADICIONAL DE MATERIA--TÉRMINO DE MATERIA
Descriptor Literatura universal
9 (RLIN) 611
650 ## - PUNTO DE ACCESO ADICIONAL DE MATERIA--TÉRMINO DE MATERIA
Descriptor Aventura
9 (RLIN) 1719
700 ## - PUNTO DE ACCESO ADICIONAL--NOMBRE DE PERSONA
Nombre Personal Huertas Ventosa, J. M. (traducción)
9 (RLIN) 26599
942 ## - ELEMENTOS DE PUNTO DE ACCESO ADICIONAL (KOHA)
Fuente de clasificación
Tipo de item Libros-BMC
945 ## - PROCESAMIENTO DE INFORMACIÓN LOCAL (OCLC)
Catalogador davv
Holdings
Estado de retiro (separado) Fuente de clasificación o esquema de estanterías Estado dañado Ubicación Sala donde se ubica Nombre de la colección Fecha de adquisición o compra Costo, precio normal en soles Signatura topográfica Código de Barras Última vez visto (Koha) Tipo de ítem (Koha)
No     Sala de Infantes Sala de Infantes Book Cart 2019-03-29 25.00 ES / 800 / V52 SI00000261 2019-03-29 Libros-BMC

Powered by Koha